LEADER 00987nam0 22002651i 450 001 RML0232549 005 20231121125658.0 100 $a20121121d1990 ||||0itac50 ba 101 | $aita 102 $ait 181 1$6z01$ai $bxxxe 182 1$6z01$an 200 1 $aAsymptotics in Statistics$eSome Basic Concepts$fLucien Le Cam and Grace Lo Yang 210 $aNew York $cSpringer-Verlag $dc1990 215 $aviii, 180 p.$d24 cm 700 1$aLE CAM$b, Lucien$3RMLV147594$0613524 701 1$aLO YANG$b, Grace$3RMLV147593$0410447 801 3$aIT$bIT-01$c20121121 850 $aIT-FR0098 899 $aBiblioteca Area Giuridico Economica$bFR0098 912 $aRML0232549 950 0$aBiblioteca Area Giuridico Economica$d 53TER 519/105$e 53VM 0000005445 VM barcode:ECO007013. - Inventario:2775. - Fondo:Sala consultazioneVM$fA $h19961127$i20121204 977 $a 53 996 $aAsymptotics in statistics$91128841 997 $aUNICAS LEADER 00889cam2 22002653 450 001 SOBE00081742 005 20241230085705.0 010 $a88-02-03818-X 100 $a20241230d1984 |||||ita|0103 ba 101 $aita 102 $aIT 200 1 $a<<2: L'>>associazione sindacale$fdi U. Carabelli 210 $aTorino$cUTET$d1984 215 $aXI, 490 p.$d24 cm 461 1$1001SOB0000001633$12001 $a<>sindacato / Cataldo Balducci, Umberto Carabelli 700 1$aCarabelli$b, Umberto$3AF00019676$4070$0229140 801 0$aIT$bUNISOB$c20241230$gRICA 850 $aUNISOB 852 $aUNISOB$j340|Coll|18|K$m95408 912 $aSOBE00081742 940 $aM 102 Monografia moderna SBN 941 $aM 957 $a340|Coll|18|K$b000005$i-2$gSI$d95408$1rovito$2UNISOB$3UNISOB$420241230085629.0$520241230085705.0$6rovito 996 $aAssociazione sindacale$91433977 997 $aUNISOB